Statistics for Top 3 Languages by Country

Click here to take the quiz!

General Stats

  • This quiz has been taken 112 times
  • The average score is 11 of 18

Answer Stats

Country% of populationCountry% Correct
Albania82.6%Albanian
97%
Palau19.1%English
97%
Belize62.9%English
97%
Belize56.6%Spanish
97%
Paraguay61.5%Spanish
97%
Uzbekistan14.2%Russian
92%
Mauritius4.1%French
86%
Uzbekistan74.3%Uzbek
82%
Albania<1%Greek
76%
Paraguay<4%Portuguese
76%
Palau65.2%Palauan
44%
Paraguay80.3%Guarani
41%
Belize44.6%Creole
38%
Mauritius86.5%Creole
38%
Uzbekistan4.4%Tajik
31%
Palau9.9%Filipino
13%
Mauritius5.3%Bhojpuri
4%
Albania<0.5%Vlach
2%

Score Distribution

Percentile by Number Answered

Percent of People with Each Score

Your Score History

You have not taken this quiz